Томские геологи-политехники в создании и развитии минерально-сырьевой базы восточных регионов страны; Проблемы геологии и освоения недр

Бібліографічні деталі
Parent link:Проблемы геологии и освоения недр.— 2004.— С. 29-33
Автор: Кучеренко И. В. Игорь Васильевич
Мова:Російська
Опубліковано: 2004
Предмети:
Формат: MixedMaterials Частина з книги
KOHA link:https://koha.lib.tpu.ru/cgi-bin/koha/opac-detail.pl?biblionumber=210547

MARC

LEADER 00000naa2a2200000 4500
001 210547
005 20231031192128.0
035 |a (RuTPU)RU\TPU\book\229957 
090 |a 210547 
100 |a 20120228d2004 k y0rusy50 ca 
101 0 |a rus 
102 |a RU 
200 1 |a Томские геологи-политехники в создании и развитии минерально-сырьевой базы восточных регионов страны  |f И. В. Кучеренко 
320 |a Библиогр.: 2 назв. 
463 0 |0 (RuTPU)RU\TPU\book\77451  |y 5-89503-079-3  |t Проблемы геологии и освоения недр  |o труды Восьмого Международного симпозиума имени ак. М. А. Усова студентов и молодых ученых, посвященного 400-летию г. Томска, 5-9 апреля 2004 г., Томск  |f Администрация г. Томска; Томский политехнический университет  |v С. 29-33  |d 2004  |p 913 с. 
610 1 |a геологи 
610 1 |a политехники 
610 1 |a история 
610 1 |a Томский политехнический университет 
610 1 |a минерально-сырьевая база 
610 1 |a восточные регионы 
610 1 |a развитие 
610 1 |a труды учёных ТПУ 
700 1 |a Кучеренко  |b И. В.  |c российский геолог  |c профессор Томского политехнического университета, доктор геолого-минералогических наук  |f 1937-  |g Игорь Васильевич  |2 stltpush  |3 (RuTPU)RU\TPU\pers\13904 
801 1 |a RU  |b 63413507  |c 20120228 
942 |c BK